000 00431nam a22001697a 4500
005 20230117105934.0
008 220215b ||||| |||| 00| 0 eng d
020 _a9788181313770
041 _aeng
082 _a613
_bSUR-A
100 _aSURI, DR. SHALINI
_97117
245 _aTHE ART OF HEALTHY LIVING
260 _aNEW DELHI
_bA.P.H PUBLICATION
_c2020
300 _a293;P.
650 _aPHARMACY
_xB.PHARMA
_97083
942 _cBK
999 _c7943
_d7941